Judicial activism in India (Record no. 516073)

000 -LEADER
fixed length control field 00289nam a2200109 4500
082 ## - DEWEY DECIMAL CLASSIFICATION NUMBER
Classification number TNC H5X54 T952
100 ## - MAIN ENTRY--PERSONAL NAME
Personal name Tyagi, B.S.
9 (RLIN) 22414
245 ## - TITLE STATEMENT
Title Judicial activism in India
260 ## - PUBLICATION, DISTRIBUTION, ETC. (IMPRINT)
Place of publication, distribution, etc New Delhi
Name of publisher, distributor, etc Srishti
Date of publication, distribution, etc 2000
300 ## - PHYSICAL DESCRIPTION
Extent 206p.
650 ## - SUBJECT ADDED ENTRY--TOPICAL TERM
Topical term or geographic name as entry element Judicial process - India, judges
9 (RLIN) 22415
Holdings
Withdrawn status Lost status Source of classification or shelving scheme Damaged status Koha normalized classification for sorting Not for loan Permanent location Current location Date acquired Full call number Barcode Date last seen Price effective from Koha item type
        TNC_H5X54_T952   Indian Institute of Public Administration Indian Institute of Public Administration 2021-02-16 TNC H5X54 T952 GR22877 2021-02-16 2021-02-16 GR

Powered by Koha